[Event "Aurangabad MyBrain op 1st"]
[Site "Aurangabad"]
[Date "2018.04.28"]
[Round "2"]
[White "Shashikant, Kutwal"]
[Black "Shah, Devansh"]
[Result "1-0"]
[WhiteElo "2308"]
[BlackElo "1371"]
[PlyCount "60"]
[EventDate "2018.04.28"]
[EventType "swiss (rapid)"]
[EventRounds "9"]
[EventCountry "IND"]
[SourceTitle "CBM 184 Extra"]
[Source "ChessBase"]
[SourceDate "2018.06.28"]
[SourceVersion "1"]
[SourceVersionDate "2018.06.28"]
[SourceQuality "1"]

1. e4 e5 2. Nf3 Nc6 3. Bb5 Nf6 4. d3 Bc5 5. 0-0 d6 6. c3 Bd7 7. a4 a6 8. Bc4 h6 9. Nbd2 0-0 10. h3 Ba7 11. Re1 Ne7 12. d4 Ng6 13. Nf1 Qe7 14. Ng3 Kh8 15. Nf5 Qe8 16. Bd3 Rd8 17. Be3 exd4 18. cxd4 Nxe4 19. Nxg7 Kxg7 20. Bxe4 c6 21. Bxg6 fxg6 22. Qd2 g5 23. Bxg5 Qg6 24. Bxd8 Rxd8 25. Re7+ Kh8 26. Qf4 Bb8 27. Rae1 d5 28. Ne5 Bxe5 29. Qxe5+ Kg8 30. Re3 Ra8 1-0

[Event "Thane ARMS op 1st"]
[Site "Thane"]
[Date "2018.04.21"]
[Round "6"]
[White "Srinath, Rao SV"]
[Black "Shah, Devansh"]
[Result "1-0"]
[WhiteElo "2206"]
[BlackElo "1371"]
[PlyCount "69"]
[EventDate "2018.04.21"]
[EventType "swiss (rapid)"]
[EventRounds "9"]
[EventCountry "IND"]
[SourceTitle "CBM 184 Extra"]
[Source "ChessBase"]
[SourceDate "2018.06.28"]
[SourceVersion "1"]
[SourceVersionDate "2018.06.28"]
[SourceQuality "1"]

1. e4 e5 2. Nf3 Nc6 3. Bc4 Nf6 4. d3 Be7 5. 0-0 0-0 6. Re1 Re8 7. a4 d6 8. a5 Bg4 9. c3 Qc8 10. a6 Nd8 11. axb7 Qxb7 12. b4 h6 13. Nbd2 Bf8 14. Nf1 d5 15. exd5 Nxd5 16. Bxd5 Qxd5 17. Ne3 Qd7 18. Nxg4 Qxg4 19. Be3 Re6 20. h3 Qh5 21. d4 e4 22. Ne5 Qxd1 23. Rexd1 Bd6 24. Nc4 Nb7 25. d5 Re7 26. Bxa7 f5 27. Bd4 Ree8 28. b5 g5 29. Ra6 Rxa6 30. bxa6 Nc5 31. Nxd6 cxd6 32. a7 Ra8 33. Bxc5 dxc5 34. d6 Kf7 35. d7 1-0